| 000 | 00519nam a2200181Ia 4500 | ||
|---|---|---|---|
| 999 |
_c30361 _d30361 |
||
| 003 | OSt | ||
| 005 | 20201110132055.0 | ||
| 008 | 190216s9999||||xx |||||||||||||| ||und|| | ||
| 020 | _a9780071180221 | ||
| 040 | _coclc | ||
| 082 |
_a428.24 _bWER/M |
||
| 100 |
_aWerner, Patricia K _96400 |
||
| 245 | 0 |
_aMosaic 1 Grammar / _cPatricia K Werner ; Lou Spaventa |
|
| 250 | _a4th Ed. | ||
| 260 |
_bMc Graw Hill, _c2002. _aNew York: |
||
| 300 | _a452p | ||
| 942 |
_cBK _2ddc _h428.24 _iWER/M _k428.24 _mWER/M |
||